000 00702nam a2200265Ia 4500
003 OSt
005 20221005101138.0
006 a|||||r|||| 00| 0
007 ta
008 221004b |||||||| |||| 00| 0 eng d
020 _a0134567994
024 _a17588
037 _cTextual
040 _aCRL
_cCRL
_beng
041 _2eng
_aeng
082 _aX:51, N5
100 _aGodfrey Mike
_9337535
245 0 _aTargeted selling
_b Change your behaviour and get that sale
260 _aSydney
_bPrentice-Hall Australia
_c1995
300 _a132p.
_ccm.
650 _a ECONOMICS
650 _aMARKETING
942 _hX:51, N5
_cTEXL
_2cc
999 _c1006303
_d1006303